ბათუმის შოთა რუსთაველის სახელმწიფო უნივერსიტეტის ბიბლიოთეკა

ზოგადი ჰიდროლოგია : სახელმძღვ. / (ბიბ.ჩანაწერი № 37649)

000 -ლიდერი
ფიქსირებული სიგრძის საკონტროლო ველი 01103nam a2200241Ia 4500
001 - საკონტროლო ნომერი
საკონტროლო ველი 3621
003 - საკონტროლო ნომრის იდენტიფიკატორი
საკონტროლო ველი GE_BSU
005 - ბოლო ოპერაციის თარიღი და დრო
საკონტროლო ველი 20190603152021.0
008 - ფიქსირებული სიგრძის მონაცემთა ელემენტები - ზოგადი ინფორმაცია
ფიქსირებული სიგრძის საკონტროლო ველი 181216s1964||||ge |||||||||||||| ||geo||
040 ## - კატალოგიზაციის წყარო
Transcribing agency GE_BSU
041 ## - ენის კოდი
Language code of text/sound track or separate title geo
080 ## - უნივერსალური ათობითი კლასიფიკაციის ინდექსი
Universal Decimal Classification number 556(075.8) ო–36
100 ## - მთავარი ჩანაწერი - პიროვნების სახელი
Personal name ოვჩინიკოვი,ა.მ.
9 (RLIN) 1979
245 ## - ცნობა სათაურის შესახებ
Title ზოგადი ჰიდროლოგია : სახელმძღვ. /
Statement of responsibility, etc ა.მ. ოვჩინიკოვი ; თარგმ : .თ.ავალიანი ; კ. ჯავრიშვილი.
250 ## - გამოცემის ცნობა
Edition statement თარგმ. მეორე რუსული შესწორ. და შევს. გამ-დან.
264 ## - წარმოების, გამოცემის, დისტრიბუციის და სხვა ცნობები
გამოცემის, წარმოების, დისტრიბუციის... ადგილი თბილისი :
გამოცემის, წარმოების, დისტრიბუციის... სახელწოდება ცოდნა,
გამოცემის, წარმოების, დისტრიბუციის... თარიღი 1964.
300 ## - ფიზიკური აღწერა
Extent 350 გვ .:
Dimensions 27 სმ.
504 ## - BIBLIOGRAPHY, ETC. NOTE
Bibliography, etc ბიბლიოგრ.გვ.349
653 ## - INDEX TERM--UNCONTROLLED
Uncontrolled term ზოგადი ჰიდროლოგია
700 ## - ADDED ENTRY--PERSONAL NAME
Personal name ავალიანი,, თ.
Relator term მთარგმნელი
9 (RLIN) 1530
700 ## - ADDED ENTRY--PERSONAL NAME
Personal name ჯავრიშვილი, კ
Relator term მთარგმნელი
9 (RLIN) 1980
942 ## - ADDED ENTRY ELEMENTS (KOHA)
Koha item type წიგნი
Source of classification or shelving scheme
ეგზემპლარები
ჩამოწერის სტატუსი დაკარგული ეგზემპლარის სტატუსი კლასიფიკაციის წყარო ან თაროზე გაწყობის სქემა დაზიანების სტატუსი არ გაიცემა მუდმივი მდებარეობა (დაცვის ადგილი) ამჟამინდელი ადგილსამყოფელი თაროზე განთავსების ადგილი შეძენის თარიღი ღირებულება, შესყიდვის ნორმალური ფასი სრული შენახვის შიფრი შტრიხკოდი ბოლო ოპერაციის თარიღი ეგზემპლარის მიმდევრობითი ნომერი (კეტერი?) ფასის ძალაში შესვლის თარიღი ეგზემპლარის სახეობა საჯარო შენიშვნა
          ტექნოლოგიური ფაკულტეტის ბიბლიოთეკა ტექნოლოგიური ფაკულტეტის ბიბლიოთეკა წიგნსაცავი 2018-12-17 2.00 556(075.8) ო–36 10088 2018-12-17 10088 2018-12-17 წიგნი 2 ლ. 56 თ.